01409 a2200217 45000010006000000050017000060080041000230030015000640400040000790800058001192450051001772500012002282640028002403000026002685050804002940410008010981000023011067000020011297000021011497000021011702964620260407155606.0260407a1964 arg spa dAR-UNSa-BCEJYS aAR-UNSa-BCEJYSbspacAR-UNSa-BCEJYS a519.86xTeoría de modelos económico-matemáticos10aProgramación lineal y análisis económico a2a. ed. 1aMadrid :bAguilarc1964 axxiii, 572 p.c22 cm. a1. Introducción - 2. Conceptos básicos de programación lineal - 3. El problema de valoración; soluciones de mercado - 4. El álgebra de la programación lineal - 5. El problema de transporte - 6. Análisis de las empresas mediante la programación lineal - 7. Aplicación a la empresa; valoración y la dualidad - 8. Programación no lineal - 9. El sistema estático de Leontief - 10. El sistema de Leontief estático (continuación) - 11. Aspectos dinámicos de modelos lineales - 12. Programas eficientes de acumulación de capital - 13. La programación lineal y la teoría de equilibrio general - 14. La programación lineal y la economía del bienestar - 15. Elementos de la teoría de juegos - 16. Interrelaciones entre la programación lineal y la teoría de juegos aspa1 aSamuelson, Paul A.1 aDorfman, Robert1 aCalleja, Anselmo1 aSolow, Robert M.